01409nam a22002657a 4500003001000000005001700010008004100027015001200068020002200080040003400102044001300136080002000149100004300169245008700212250002200299260005900321300002700380490002200407520054200429521003900971650003201010655002901042655002601071700004601097AR-RoUNCS20260309102823.0060314s2010 ag a cr 001 jdspa  aAR-2010 a978-978-04-0528-3 aAR-BaBNbspacAR-RoUNCSeaacr aagcar-c1 a82-32(82)220161 aValentino, Esteban,d1956-eautor4aut14aLos guerreros de la hierba /cEsteban Valentino ; ilustraciones de Eugenia Nobati. a1a ed., 3a reimp. aCiudad Autónoma de Buenos Aires :bAlfaguara,c2010. a79 p. :bil. ;c16 cm.0 aAlfaguara Juvenil 3aHace muchos, pero muchos años, floreció en México una poderosa cultura de agricultores, que decayó imprevistamente trescientos años después, con el incendio de su principal centro ceremonial y urbano llamado Teotihuacán. En esos tiempos remotos transcurre esta novela. En estas páginas se narra la tierna y conmovedora historia de ese final, en la voz de un anciano que le cuenta a su nieto los sucesos que llevaron a la destrucción de la ciudad y de su pueblo: la aventura de un niño que se transformó en guerrero.1 aEdad sugerida desde los 12 años. 72embneaLiteratura argentina 7aNovelas juveniles2embne 7aNovelas cortas2embne1 aNobati, Eugenia,d1968-eilustradora4ill